[Event "Pan American Amateur-ch"]
[Site "Curitiba"]
[Date "2015.12.16"]
[Round "1"]
[White "Boabaid, Jorge Alberto Duard"]
[Black "Martins, Rullyans Diego"]
[Result "1-0"]
[WhiteElo "1893"]
[BlackElo "1568"]
[PlyCount "119"]
[EventDate "2015.12.16"]
[EventType "swiss"]
[EventRounds "9"]
[EventCountry "BRA"]
[SourceTitle "CBM 170 Extra"]
[Source "ChessBase"]
[SourceDate "2016.02.25"]
[SourceVersion "1"]
[SourceVersionDate "2016.02.25"]
[SourceQuality "1"]

1. e4 c5 2. Nf3 e6 3. d4 cxd4 4. Nxd4 Nc6 5. Be3 a6 6. Nc3 Nge7 7. Qd2 d5 8. 0-0-0 dxe4 9. Nxe4 e5 10. Nxc6 Qxd2+ 11. Rxd2 Nxc6 12. f4 Bf5 13. Ng3 exf4 14. Bxf4 Be6 15. Kb1 Be7 16. Ne4 0-0 17. Be2 Nb4 18. a3 Nd5 19. Bd6 Bxd6 20. Nxd6 Rfd8 21. Nxb7 Nc3+ 22. Kc1 Rxd2 23. Kxd2 Nxe2 24. Kxe2 Rb8 25. Nc5 Rxb2 26. Kd2 Bf5 27. Rc1 Rb6 28. Kc3 g6 29. Rd1 Rc6 30. Rd5 Be4 31. Re5 Bxg2 32. Kb4 Kg7 33. c4 Kh6 34. Re7 f5 35. Ne6 Bf1 36. c5 Bg2 37. Nf8 f4 38. Rxh7+ Kg5 39. Rf7 f3 40. Nh7+ Kg4 41. Nf6+ Kf4 42. Nd5+ Ke4 43. Nf6+ Ke3 44. Ng4+ Ke2 45. Kc4 Re6 46. Kd4 Bh3 47. Ne5 f2 48. Nd3 f1Q 49. Rxf1 Kxf1 50. Nf4 Bf5 51. Nxe6 Bxe6 52. Ke5 Bf5 53. h4 Kg2 54. h5 gxh5 55. Kxf5 h4 56. c6 h3 57. c7 h2 58. c8Q h1Q 59. Qc6+ Kg1 60. Qxh1+ 1-0

[Event "Curitiba Sul Regional-ch"]
[Site "Curitiba"]
[Date "2015.07.12"]
[Round "6"]
[White "Martins, Rullyans Diego"]
[Black "Mileski, Lucas de Souza"]
[Result "1-0"]
[WhiteElo "1800"]
[BlackElo "1669"]
[PlyCount "35"]
[EventDate "2015.07.10"]
[EventType "swiss"]
[EventRounds "6"]
[EventCountry "BRA"]
[SourceTitle "EXT 2017"]
[Source "ChessBase"]
[SourceDate "2016.10.25"]
[SourceVersion "1"]
[SourceVersionDate "2016.10.25"]
[SourceQuality "1"]

1. e4 c5 2. Nf3 d6 3. d4 cxd4 4. Nxd4 Nf6 5. Nc3 a6 6. Bd3 e5 7. Nf3 Be7 8. h3 Be6 9. 0-0 0-0 10. Be3 Nbd7 11. Ng5 d5 12. exd5 Bxd5 13. Nxd5 Nxd5 14. Bxh7+ Kh8 15. Qxd5 Bxg5 16. Bxg5 f6 17. Bf5 fxg5 18. Qxd7 1-0